00960nam a22002531a 450000100060000000300080000600500170001400800410003103500190007203500180009104000470010904100080015608200230016410000320018724501040021926000630032330000270038650400510041361000360046465000310050094200120053199900170054395201460056035833BD-RjUL20211209052404.0140610s1948 enk b 001 0 eng d a(BD-RjUL)35928 a(OCoLC)392384 aDLCcOAUdOCoLCdMoSU-LdDLCdBD-RjULbeng aeng00a354.4201bMAC 19481 aMansergh, Nicholas.910915114aThe Commonwealth and the nations :bstudies in British Commonwealth relations /cNicholas Mansergh. aLondon :bRoyal Institute of International Affairs,c1948. aviii, 228 p. ;c19 cm. aIncludes bibliographical references and index.20aCommonwealth of Nations.910157 0aImperial federation.97461 2ddccBK c35833d35833 00102ddc40718NFICaRUCLbRUCLcReadingd1962-05-08eAsia foundationg0.00l0o354.4201 MAC 1948r2014-06-10 00:00:00tC-1w2014-06-10yBK